Statistics for 10 Closest Capitals To Monaco

Click here to take the quiz!

General Stats

  • This quiz has been taken 48 times
  • The average score is 8 of 10

Answer Stats

Distance km Answer % Correct
690Paris
100%
459Rome
96%
357Bern
91%
405San Marino
79%
413Vaduz
79%
661Luxembourg
74%
715Zagreb
74%
500Andorra La Vella
72%
459Vatican City
68%
616Ljubljana
66%

Score Distribution

Percentile by Number Answered

Percent of People with Each Score

Your Score History

You have not taken this quiz